[Event "Junior Online 4NCL Division 4"]
[Site "online"]
[Date "2020.09.03"]
[Round "2.78"]
[White "Cwajna, Harrison"]
[Black "Harb, Laith A"]
[Result "0-1"]
[WhiteElo "977"]
[BlackElo "1472"]
[PlyCount "84"]
[EventDate "2020.09.03"]
[WhiteTeam "Farnham Fantasticos"]
[BlackTeam "JHJ 2"]

1. d4 d5 2. c4 e6 3. Nc3 Nf6 4. Nf3 Be7 5. g3 Nbd7 6. Bh3 b6 7. O-O O-O 8. Ne5
Bb7 9. Bf4 dxc4 10. Qa4 Nxe5 11. Bxe5 c5 12. Rad1 cxd4 13. Bxd4 Qc8 14. e3 Qc6
15. Qxc6 Bxc6 16. b3 cxb3 17. axb3 Nd5 18. Rc1 Nxc3 19. Rxc3 Bd5 20. b4 Bxb4
21. Rcc1 Rac8 22. Ra1 Ba5 23. Rfd1 h6 24. Be5 Ra8 25. Rd4 Bc3 26. Rg4 Bxe5 27.
Rc1 a5 28. Ra4 b5 29. Ra3 b4 30. Ra4 Bb3 31. Raa1 Bxa1 32. Rxa1 a4 33. Bg2 Ra7
34. Bc6 a3 35. Bb5 Bc2 36. Bc4 b3 37. Bxb3 Bxb3 38. h4 a2 39. Kf1 Rd8 40. Ke2
Rc8 41. Kd3 Rc2 42. f3 Rb2 0-1

[Event "Junior Online 4NCL Division 4"]
[Site "online"]
[Date "2020.09.03"]
[Round "2.81"]
[White "Patel, Aadi"]
[Black "Kothari, Jai"]
[Result "1-0"]
[WhiteElo "1292"]
[BlackElo "1690"]
[PlyCount "47"]
[EventDate "2020.09.03"]
[WhiteTeam "The Hall 2"]
[BlackTeam "Woking Warriors"]

1. e4 e6 2. d4 d5 3. exd5 exd5 4. Bd3 Nf6 5. Be3 Be7 6. c3 O-O 7. Nf3 Be6 8.
Qc2 h6 9. Nbd2 Nc6 10. O-O-O a5 11. h4 Na7 12. g4 Bxg4 13. Rdg1 b5 14. Ne5 Be6
15. Bxh6 Nh5 16. Rg2 Kh8 17. Bg5 b4 18. Bxe7 Qxe7 19. Rg5 Nf4 20. Rhg1 Nh3 21.
Rh5+ Kg8 22. Bh7+ Kh8 23. Bg8+ Kxg8 24. Qh7# 1-0

[Event "Junior Online 4NCL Division 4"]
[Site "online"]
[Date "2020.09.03"]
[Round "2.82"]
[White "Phillips, Freddie"]
[Black "O'Sullivan, Conor"]
[Result "1-0"]
[WhiteElo "1435"]
[BlackElo "1315"]
[PlyCount "67"]
[EventDate "2020.09.03"]
[WhiteTeam "Woking Warriors"]
[BlackTeam "The Hall 2"]

1. e4 e5 2. Nf3 Nc6 3. Nc3 Nf6 4. Bc4 Nxe4 5. Bxf7+ Kxf7 6. Nxe4 d5 7. Nc3 d4
8. Ne4 Bf5 9. Qe2 Nb4 10. Nxe5+ Ke8 11. Nc5 Nxc2+ 12. Kd1 d3 13. Ncxd3 Bxd3 14.
Nxd3+ Be7 15. Kxc2 Qd6 16. Re1 Qc6+ 17. Kd1 Qd6 18. b3 Rc8 19. Bb2 Rg8 20. Qe5
Qxe5 21. Nxe5 Bd6 22. Ng6+ Kd7 23. Ne5+ Ke6 24. Nc4+ Kd5 25. Nxd6 Kxd6 26. Ba3+
Kc6 27. Rc1+ Kb5 28. Kc2 c5 29. Kb1 c4 30. bxc4+ Ka4 31. Bb2 Rc6 32. d3 Rb6 33.
Rc3 Rb4 34. Ra3# 1-0

[Event "Junior Online 4NCL Division 4"]
[Site "online"]
[Date "2020.09.03"]
[Round "2.83"]
[White "Kohli, Aryan"]
[Black "Seet, Joshua"]
[Result "0-1"]
[WhiteElo "1075"]
[BlackElo "1330"]
[PlyCount "54"]
[EventDate "2020.09.03"]
[WhiteTeam "The Hall 2"]
[BlackTeam "Woking Warriors"]

1. d4 c6 2. Bf4 Nf6 3. e3 d5 4. c3 Bf5 5. Bd3 Bg6 6. Nf3 Nbd7 7. O-O e6 8. Ne5
Nxe5 9. Bxe5 Bd6 10. Bxf6 Qxf6 11. Be2 Qh4 12. g3 Qf6 13. Nd2 O-O 14. Bf3 Bd3
15. Re1 Qg6 16. e4 dxe4 17. Bxe4 Bxe4 18. Nxe4 Bc7 19. Nc5 b6 20. Nd7 Rfd8 21.
Ne5 Bxe5 22. Rxe5 Qf6 23. Re1 Rd5 24. Qb3 Rb5 25. Qc4 Rxb2 26. Qxc6 Qxf2+ 27.
Kh1 Qxh2# 0-1

[Event "Junior Online 4NCL Division 4"]
[Site "online"]
[Date "2020.09.03"]
[Round "2.85"]
[White "Kothari, Jai"]
[Black "Patel, Aadi"]
[Result "0-1"]
[WhiteElo "1690"]
[BlackElo "1292"]
[PlyCount "88"]
[EventDate "2020.09.03"]
[WhiteTeam "Woking Warriors"]
[BlackTeam "The Hall 2"]

1. e4 e5 2. Nf3 Nc6 3. Bc4 Bc5 4. O-O Nf6 5. d3 O-O 6. Be3 Bb6 7. Nc3 d6 8. h3
Be6 9. Bb3 Bxb3 10. axb3 Bd4 11. Nd5 Nxd5 12. exd5 Bxe3 13. fxe3 Ne7 14. c4 f6
15. Nh4 c6 16. e4 c5 17. Qg4 Qc7 18. Rf2 Rf7 19. Raf1 Raf8 20. Qe6 Kh8 21. Nf3
Ng6 22. h4 Nf4 23. Qg4 Nxd3 24. Ng5 fxg5 25. Rxf7 Rxf7 26. Rxf7 Qxf7 27. Qc8+
Qg8 28. Qxb7 gxh4 29. Qxa7 Nxb2 30. Qe7 Qb8 31. Kh2 h6 32. Qxh4 Qxb3 33. Qd8+
Kh7 34. Qxd6 Nxc4 35. Qxc5 Qd3 36. d6 Nxd6 37. Qxe5 Nxe4 38. Qf5+ Kg8 39. Qc8+
Kf7 40. Qc7+ Kg6 41. Qc6+ Nf6 42. Qe6 Qd4 43. Qe2 Ng4+ 44. Kg3 Nf6 0-1

[Event "Junior Online 4NCL Division 4"]
[Site "online"]
[Date "2020.09.03"]
[Round "2.86"]
[White "O'Sullivan, Conor"]
[Black "Phillips, Freddie"]
[Result "1/2-1/2"]
[WhiteElo "1315"]
[BlackElo "1435"]
[PlyCount "199"]
[EventDate "2020.09.03"]
[WhiteTeam "The Hall 2"]
[BlackTeam "Woking Warriors"]

1. e4 e5 2. Nf3 Nc6 3. Nc3 Nf6 4. Bb5 d6 5. d3 Ng4 6. h3 Nf6 7. Bg5 h6 8. Bh4
Be7 9. Bxf6 Bxf6 10. Bxc6+ bxc6 11. O-O d5 12. exd5 cxd5 13. Re1 O-O 14. Nxe5
Re8 15. Nc6 Qd7 16. Rxe8+ Qxe8 17. Nb4 c5 18. Nbxd5 Bb7 19. Nc7 Qc6 20. N3d5
Rc8 21. Qf3 Rxc7 22. Nxf6+ gxf6 23. Qg3+ Kf8 24. Re1 f5 25. Re3 Re7 26. Qb8+
Re8 27. Qg3 Rxe3 28. fxe3 c4 29. dxc4 Qxc4 30. Qb8+ Qc8 31. Qd6+ Ke8 32. Qe5+
Qe6 33. Qh8+ Ke7 34. Qc3 Qc6 35. Qe5+ Kd7 36. Qxf5+ Qe6 37. Qd3+ Qd5 38. Qxd5+
Bxd5 39. g3 Bxa2 40. c3 a5 41. Kf2 Be6 42. h4 Kc6 43. Ke2 Kc5 44. Kd3 Kd5 45.
e4+ Kc5 46. Kc2 a4 47. Kb1 Kc4 48. Kc2 f6 49. Kd2 Kb3 50. Kc1 f5 51. e5 a3 52.
bxa3 Kxa3 53. Kd2 Kb3 54. Kd3 h5 55. Kd4 Bf7 56. Kc5 Kxc3 57. Kd6 Kd4 58. e6
Bxe6 59. Kxe6 Ke4 60. Kf6 Kf3 61. Kg5 Kxg3 62. Kxh5 f4 63. Kg5 f3 64. h5 f2 65.
h6 f1=Q 66. h7 Qf4+ 67. Kg6 Qg4+ 68. Kh6 Qh4+ 69. Kg6 Kg4 70. Kg7 Qg5+ 71. Kf7
Qh6 72. Kg8 Qg6+ 73. Kh8 Qe8+ 74. Kg7 Qe7+ 75. Kg8 Qe6+ 76. Kg7 Qe5+ 77. Kg8
Qg5+ 78. Kh8 Qh6 79. Kg8 Qg6+ 80. Kh8 Qf6+ 81. Kg8 Qd8+ 82. Kg7 Qd7+ 83. Kg8
Qe6+ 84. Kg7 Qe5+ 85. Kg8 Qg5+ 86. Kh8 Qh5 87. Kg7 Kg5 88. h8=Q Qg6+ 89. Kf8
Qf6+ 90. Kg8 Qd8+ 91. Kh7 Qe7+ 92. Kg8 Qe6+ 93. Kg7 Qf6+ 94. Kg8 Qg6+ 95. Kf8
Qf5+ 96. Kg8 Qe6+ 97. Kf8 Qd6+ 98. Kg8 Qd8+ 99. Kh7 Qxh8+ 100. Kxh8 1/2-1/2

[Event "Junior Online 4NCL Division 4"]
[Site "online"]
[Date "2020.09.03"]
[Round "2.87"]
[White "Seet, Joshua"]
[Black "Kohli, Aryan"]
[Result "1-0"]
[WhiteElo "1330"]
[BlackElo "1075"]
[PlyCount "101"]
[EventDate "2020.09.03"]
[WhiteTeam "Woking Warriors"]
[BlackTeam "The Hall 2"]

1. d4 d5 2. c4 Nf6 3. cxd5 Nxd5 4. Nf3 Nc6 5. e4 Ndb4 6. d5 Na5 7. Qa4+ Nac6 8.
dxc6 Nxc6 9. Bb5 Bd7 10. O-O e6 11. Bf4 Be7 12. Rd1 O-O 13. Nc3 a6 14. Bxc6
Bxc6 15. Rxd8 Bxa4 16. Rxf8+ Kxf8 17. Nxa4 Bf6 18. e5 Be7 19. Rc1 c6 20. Nb6
Rd8 21. Ng5 Bc5 22. Nc4 b5 23. Nd6 Bxd6 24. exd6 f6 25. Nxh7+ Kg8 26. Nxf6+
gxf6 27. Rxc6 e5 28. Bg3 Rd7 29. Kf1 Kf7 30. Ke2 Ke6 31. Rxa6 Rxd6 32. Rxd6+
Kxd6 33. Kd3 Kd5 34. h4 Ke6 35. h5 Kf5 36. b3 Kg5 37. a4 bxa4 38. bxa4 Kxh5 39.
f4 Kg6 40. fxe5 fxe5 41. Bxe5 Kf5 42. a5 Kxe5 43. a6 Kd6 44. a7 Kc7 45. a8=Q
Kd6 46. Qb7 Kc5 47. Qa6 Kb4 48. Qc4+ Ka3 49. Qb5 Ka2 50. Kc2 Ka3 51. Qb3# 1-0

[Event "Junior Online 4NCL Division 4"]
[Site "online"]
[Date "2020.09.03"]
[Round "2.91"]
[White "Karanam, Guha Saran"]
[Black "Moser, Benjamin"]
[Result "0-1"]
[WhiteElo "1412"]
[BlackElo "1532"]
[PlyCount "74"]
[EventDate "2020.09.03"]
[WhiteTeam "Colchester Juniors B"]
[BlackTeam "The Hall 1"]

1. d4 d5 2. Bf4 Nf6 3. Nd2 Bf5 4. c4 e6 5. e3 Bb4 6. Ngf3 O-O 7. a3 Bxd2+ 8.
Qxd2 Nc6 9. b4 a5 10. b5 Ne7 11. c5 b6 12. cxb6 cxb6 13. Bd3 Ne4 14. O-O Nxd2
15. Nxd2 Bxd3 16. Rfc1 Ng6 17. Bc7 Qe7 18. Rc6 Bxb5 19. Bd6 Qd7 20. Bxf8 Bxc6
21. Bxg7 Kxg7 22. Nf3 Re8 23. Nh4 Nxh4 24. g3 Nf3+ 25. Kg2 Nd2 26. h4 Nc4 27.
h5 h6 28. g4 e5 29. dxe5 Qxg4+ 30. Kh2 Qxh5+ 31. Kg2 Qg5+ 32. Kh2 Qxe5+ 33. Kg2
Qxa1 34. Kf3 d4+ 35. e4 Qxa3+ 36. Kf4 Rxe4+ 37. Kf5 Nd6# 0-1

[Event "Junior Online 4NCL Division 4"]
[Site "online"]
[Date "2020.09.03"]
[Round "2.92"]
[White "Smolders, Thomas"]
[Black "Granger, Charlotte"]
[Result "0-1"]
[WhiteElo "1427"]
[BlackElo "1285"]
[PlyCount "112"]
[EventDate "2020.09.03"]
[WhiteTeam "The Hall 1"]
[BlackTeam "Colchester Juniors B"]

1. e4 e5 2. Nf3 Nc6 3. d4 g6 4. Nxe5 Nxe5 5. dxe5 Bg7 6. Bf4 Ne7 7. Bb5 a6 8.
Ba4 b5 9. Bb3 O-O 10. h4 Bb7 11. Nc3 b4 12. Nd5 Nxd5 13. exd5 d6 14. exd6 Re8+
15. Be3 Qxd6 16. h5 g5 17. Kf1 h6 18. Bd4 Bxd5 19. Bxg7 Bxb3 20. Qxd6 cxd6 21.
Bxh6 Bc4+ 22. Kg1 f6 23. f4 g4 24. f5 g3 25. Bf4 Re7 26. Bxg3 Rae8 27. Kh2 Rh7
28. Kg1 Rg7 29. Re1 Rxe1+ 30. Bxe1 Bd5 31. Rh2 Rg5 32. Bxb4 Rxf5 33. b3 Be4 34.
Bxd6 Bxc2 35. h6 Bd3 36. h7+ Kh8 37. Rh3 Rf1+ 38. Kh2 Be4 39. Bf8 Bxh7 40. Rf3
Ra1 41. a4 Be4 42. Rxf6 Ra2 43. Rg6 Bxg6 44. Kh3 Bf5+ 45. g4 Bg6 46. b4 Rxa4
47. Kh4 Kg8 48. Bc5 Ra2 49. Kg5 Kg7 50. Kf4 Ra4 51. g5 a5 52. Bd4+ Kg8 53. Ke5
Rxb4 54. Bc5 Rb5 55. Kd4 a4 56. Kc4 Rxc5+ 0-1

[Event "Junior Online 4NCL Division 4"]
[Site "online"]
[Date "2020.09.03"]
[Round "2.93"]
[White "Salkauskas, Deimantas"]
[Black "Jhamna, Florian"]
[Result "1-0"]
[WhiteElo "947"]
[BlackElo "1405"]
[PlyCount "83"]
[EventDate "2020.09.03"]
[WhiteTeam "Colchester Juniors B"]
[BlackTeam "The Hall 1"]

1. e4 e6 2. d4 d5 3. exd5 exd5 4. Nc3 Nc6 5. Nf3 Nf6 6. Bg5 Bg4 7. Bb5 Bb4 8.
a3 Bxc3+ 9. bxc3 O-O 10. h3 Re8+ 11. Be2 Bxf3 12. gxf3 Qe7 13. Qd2 h6 14. Bh4
Na5 15. Rg1 Nc4 16. Qd3 Nxa3 17. Rxa3 Qxa3 18. Bxf6 Qa1+ 19. Qd1 Qxd1+ 20. Kxd1
g6 21. h4 Re6 22. Be5 Ra6 23. Bxa6 bxa6 24. Bxc7 Rc8 25. Ba5 Rb8 26. Ke2 Rb5
27. Bb4 a5 28. Bc5 a6 29. h5 Kh7 30. hxg6+ fxg6 31. Ra1 Kg7 32. Kd3 Kf6 33. c4
dxc4+ 34. Kxc4 Rb2 35. Rxa5 Rxc2+ 36. Kd5 Rxf2 37. Rxa6+ Kg5 38. Ke4 h5 39. d5
h4 40. Bxf2 h3 41. Ra1 h2 42. Rh1 1-0

[Event "Junior Online 4NCL Division 4"]
[Site "online"]
[Date "2020.09.03"]
[Round "2.94"]
[White "Patel, Ishaan"]
[Black "Rida, Ruqayyah"]
[Result "1/2-1/2"]
[WhiteElo "1345"]
[BlackElo "790"]
[PlyCount "102"]
[EventDate "2020.09.03"]
[WhiteTeam "The Hall 1"]
[BlackTeam "Colchester Juniors B"]

1. e4 e5 2. Nf3 Nc6 3. Nc3 Nf6 4. Bc4 Bc5 5. d3 h6 6. Be3 Bb6 7. Nd5 Nxd5 8.
Bxd5 d6 9. h3 O-O 10. O-O Be6 11. Bb3 Na5 12. Qd2 Nxb3 13. axb3 c6 14. d4 exd4
15. Bxd4 Bxd4 16. Nxd4 d5 17. exd5 Bxd5 18. c4 Be6 19. Qf4 Qf6 20. Qxf6 gxf6
21. Rfe1 Rfe8 22. Nxe6 fxe6 23. Rad1 Kf7 24. f4 Rad8 25. g4 Rxd1 26. Rxd1 Ke7
27. Kf2 e5 28. fxe5 fxe5 29. Ke3 Ke6 30. Rf1 Re7 31. Ke4 Rd7 32. Rf5 Rd4+ 33.
Ke3 c5 34. Rf8 b6 35. Ra8 a5 36. Rb8 Rd6 37. h4 Kd7 38. g5 hxg5 39. hxg5 Rg6
40. Ke4 Kc7 41. Re8 Rxg5 42. Rxe5 Rxe5+ 43. Kxe5 Kc6 44. Ke4 b5 45. cxb5+ Kxb5
46. Kd3 Kb4 47. Kc2 c4 48. bxc4 Kxc4 49. b3+ Kb4 50. Kb2 a4 51. bxa4 Kxa4
1/2-1/2

[Event "Junior Online 4NCL Division 4"]
[Site "online"]
[Date "2020.09.03"]
[Round "2.95"]
[White "Moser, Benjamin"]
[Black "Karanam, Guha Saran"]
[Result "0-1"]
[WhiteElo "1532"]
[BlackElo "1412"]
[PlyCount "40"]
[EventDate "2020.09.03"]
[WhiteTeam "The Hall 1"]
[BlackTeam "Colchester Juniors B"]

1. d4 Nf6 2. Nf3 Nc6 3. Bf4 d5 4. e3 Bf5 5. c3 e6 6. Nbd2 Bd6 7. Ne5 O-O 8. Qb3
Rb8 9. Be2 Ne4 10. Nxe4 Bxe4 11. f3 Bf5 12. h4 f6 13. g4 fxe5 14. dxe5 Bxe5 15.
Bxe5 Nxe5 16. gxf5 Rxf5 17. Rf1 Qxh4+ 18. Rf2 Nxf3+ 19. Bxf3 Rxf3 20. Qc2 Rbf8
0-1

[Event "Junior Online 4NCL Division 4"]
[Site "online"]
[Date "2020.09.03"]
[Round "2.96"]
[White "Granger, Charlotte"]
[Black "Smolders, Thomas"]
[Result "1-0"]
[WhiteElo "1285"]
[BlackElo "1427"]
[PlyCount "27"]
[EventDate "2020.09.03"]
[WhiteTeam "Colchester Juniors B"]
[BlackTeam "The Hall 1"]

1. e4 e5 2. Nf3 Nc6 3. Bb5 Bc5 4. O-O d6 5. Nc3 Bg4 6. d3 a6 7. Ba4 b5 8. Bb3
Nd4 9. Bd5 Rb8 10. h3 Nxf3+ 11. gxf3 Bxh3 12. Re1 Qf6 13. Bc6+ Ke7 14. Nd5+ 1-0

[Event "Junior Online 4NCL Division 4"]
[Site "online"]
[Date "2020.09.03"]
[Round "2.97"]
[White "Jhamna, Florian"]
[Black "Salkauskas, Deimantas"]
[Result "0-1"]
[WhiteElo "1405"]
[BlackElo "947"]
[PlyCount "64"]
[EventDate "2020.09.03"]
[WhiteTeam "The Hall 1"]
[BlackTeam "Colchester Juniors B"]

1. e4 e5 2. Bc4 Nf6 3. Nf3 Nc6 4. Nc3 Bc5 5. d3 a6 6. Bg5 h6 7. Bh4 d6 8. Nd5
Bg4 9. c3 g5 10. Bg3 Nxd5 11. Bxd5 Qd7 12. b4 Ba7 13. c4 O-O-O 14. b5 Nb4 15.
bxa6 Nxa6 16. Rb1 c6 17. Qb3 cxd5 18. cxd5 Nc5 19. Qa3 Na6 20. O-O Bxf3 21.
Rfc1+ Kb8 22. Qxa6 Bh5 23. Rc2 b6 24. Rcb2 Ka8 25. Rxb6 Rb8 26. Rxb8+ Rxb8 27.
Rc1 Qb5 28. Qa3 Qb1 29. h3 Qb6 30. Kh2 Bg6 31. f3 Kb7 32. Rc6 Qg1# 0-1

[Event "Junior Online 4NCL Division 4"]
[Site "online"]
[Date "2020.09.03"]
[Round "2.98"]
[White "Rida, Ruqayyah"]
[Black "Patel, Ishaan"]
[Result "0-1"]
[WhiteElo "790"]
[BlackElo "1345"]
[PlyCount "132"]
[EventDate "2020.09.03"]
[WhiteTeam "Colchester Juniors B"]
[BlackTeam "The Hall 1"]

1. e4 e5 2. Nf3 Nc6 3. Bc4 Bc5 4. O-O d6 5. h3 Nf6 6. d3 Be6 7. Bb3 O-O 8. Nc3
Nd4 9. Nxd4 Bxd4 10. Be3 Bb6 11. Nd5 Nxd5 12. Bxd5 Bxd5 13. exd5 f5 14. d4 f4
15. Bd2 Bxd4 16. c3 Bb6 17. Qg4 Qf6 18. Kh1 Rf7 19. g3 fxg3 20. Bg5 Qg6 21.
fxg3 Raf8 22. Rxf7 Qxf7 23. c4 Qf3+ 24. Qxf3 Rxf3 25. Bh4 h6 26. Bd8 Rxg3 27.
Kh2 Re3 28. b4 c6 29. Bxb6 axb6 30. dxc6 bxc6 31. Rd1 Re2+ 32. Kg3 Rxa2 33.
Rxd6 Rb2 34. Rxc6 Rxb4 35. Re6 Rxc4 36. Rxb6 Rc3+ 37. Kg4 Kf7 38. Rb7+ Kg6 39.
Rb6+ Kh7 40. Re6 Re3 41. h4 Re4+ 42. Kf5 Rxh4 43. Kxe5 Rh1 44. Kf5 Rf1+ 45. Kg4
Rg1+ 46. Kf3 h5 47. Re4 g6 48. Rh4 Kh6 49. Kf2 Ra1 50. Kg3 g5 51. Rh2 h4+ 52.
Kg4 Ra4+ 53. Kf5 Kh5 54. Rd2 h3 55. Rh2 Kh4 56. Kf6 g4 57. Kf5 g3 58. Rh1 g2
59. Rg1 h2 60. Rxg2 h1=Q 61. Rg6 Qf3+ 62. Ke5 Ra5+ 63. Kd4 Qf4+ 64. Kd3 Ra3+
65. Ke2 Qh2+ 66. Kf1 Ra1# 0-1

[Event "Junior Online 4NCL Division 4"]
[Site "online"]
[Date "2020.09.03"]
[Round "2.101"]
[White "Smith, Ryan S"]
[Black "Kirk, Alex"]
[Result "1-0"]
[WhiteElo "1765"]
[BlackElo "857"]
[PlyCount "45"]
[EventDate "2020.09.03"]
[WhiteTeam "KEGS Chelmsford"]
[BlackTeam "Tetherdown Knights"]

1. Nf3 Nc6 2. d4 d5 3. g3 Bf5 4. Bg2 e6 5. O-O Nf6 6. c4 dxc4 7. Nbd2 Qd5 8.
Ne5 Qb5 9. Ndxc4 Nxe5 10. Nxe5 Bd6 11. Bf4 c5 12. dxc5 Qxc5 13. Rc1 Qb4 14. a3
Qb6 15. Nc4 Qa6 16. Nxd6+ Kf8 17. Bxb7 Qb6 18. Bxa8 Ke7 19. Nxf5+ exf5 20. Rc7+
Ke6 21. Rc6+ Qxc6 22. Bxc6 Rc8 23. Qd6# 1-0

[Event "Junior Online 4NCL Division 4"]
[Site "online"]
[Date "2020.09.03"]
[Round "2.102"]
[White "Murphy, Sam"]
[Black "Arun Jacob, Nigel A"]
[Result "0-1"]
[WhiteElo "857"]
[BlackElo "1525"]
[PlyCount "154"]
[EventDate "2020.09.03"]
[WhiteTeam "Tetherdown Knights"]
[BlackTeam "KEGS Chelmsford"]

1. d4 d5 2. c4 e5 3. dxe5 d4 4. Nf3 Nc6 5. Bg5 Be7 6. Bxe7 Ngxe7 7. e3 Bg4 8.
exd4 Nxd4 9. Qxd4 Bxf3 10. Qxd8+ Rxd8 11. gxf3 Ng6 12. Rg1 O-O 13. Nc3 Nxe5 14.
f4 Nf3+ 15. Ke2 Nxg1+ 16. Ke3 Rfe8+ 17. Ne4 f5 18. Bd3 fxe4 19. Bxe4 Nh3 20.
Kf3 g5 21. Bd5+ Rxd5 22. cxd5 Nxf4 23. h4 h6 24. hxg5 hxg5 25. Rg1 Re5 26. Rd1
Rxd5 27. Rg1 Re5 28. Rd1 Kf7 29. Rd7+ Re7 30. Rd2 Ne6 31. Rd5 Kg6 32. Rd1 Rf7+
33. Kg2 Nf4+ 34. Kg3 Nh5+ 35. Kg2 Re7 36. Kf3 Kf5 37. Rd5+ Re5 38. Rd8 g4+ 39.
Kg2 Kf4 40. Rf8+ Rf5 41. Rd8 Kg5 42. Rd2 Nf4+ 43. Kf1 Nh3 44. Kg2 Kh4 45. Rc2
Rf7 46. Rd2 Rg7 47. Rd8 Rh7 48. Rd4 c5 49. Rc4 Rc7 50. f3 Rg7 51. Rxc5 gxf3+
52. Kxf3 Rg3+ 53. Ke4 Ng5+ 54. Kd5 Rf3 55. Kc4 Rf4+ 56. Kd3 Ne6 57. Rb5 Rd4+
58. Kc3 Rd7 59. Rb3 a5 60. Rb5 Rc7+ 61. Kb3 Nd4+ 62. Ka4 Nxb5 63. Kxb5 Rc2 64.
Kxa5 Rxb2 65. a4 b6+ 66. Ka6 Kg4 67. a5 bxa5 68. Kxa5 Kf5 69. Ka6 Ke6 70. Ka5
Kd6 71. Ka4 Kc5 72. Ka3 Rb8 73. Ka4 Rb7 74. Ka3 Kc4 75. Ka2 Kc3 76. Ka1 Kc2 77.
Ka2 Ra7# 0-1

[Event "Junior Online 4NCL Division 4"]
[Site "online"]
[Date "2020.09.03"]
[Round "2.103"]
[White "Badhrinath, Adhvaith B"]
[Black "Keane, Moss"]
[Result "0-1"]
[WhiteElo "1232"]
[BlackElo "737"]
[PlyCount "112"]
[EventDate "2020.09.03"]
[WhiteTeam "KEGS Chelmsford"]
[BlackTeam "Tetherdown Knights"]

1. e4 e5 2. Nf3 Nc6 3. Bc4 Nf6 4. Nc3 Nxe4 5. Nxe4 d5 6. Bd3 dxe4 7. Bxe4 Nd4
8. Nxd4 Qxd4 9. Qe2 Be6 10. d3 f5 11. Bxb7 Rb8 12. Bc6+ Bd7 13. Bxd7+ Kxd7 14.
O-O Qg4 15. Qxg4 fxg4 16. b3 Bc5 17. Bb2 Bd4 18. Bxd4 exd4 19. Rfe1 Rhe8 20.
Rxe8 Rxe8 21. g3 Kd6 22. Rd1 h5 23. h4 Ke7 24. Re1+ Kf7 25. Rxe8 Kxe8 26. Kf1
Kf7 27. Ke2 Kg6 28. Kd2 Kf5 29. c4 Ke5 30. Ke2 c5 31. f3 gxf3+ 32. Kxf3 Kf5 33.
g4+ hxg4+ 34. Kf2 Kf4 35. h5 g3+ 36. Kg2 a5 37. a3 Kg4 38. a4 Kxh5 39. Kxg3 Kg6
40. Kf3 Kf6 41. Ke4 Ke6 42. Kf3 g5 43. Kg4 Kf6 44. Kg3 Kf5 45. Kf3 g4+ 46. Kg3
Kg5 47. Kg2 Kf4 48. Kf2 g3+ 49. Kg2 Kg4 50. b4 axb4 51. a5 b3 52. a6 b2 53. a7
b1=Q 54. a8=Q Qc2+ 55. Kg1 Qf2+ 56. Kh1 Qh2# 0-1

[Event "Junior Online 4NCL Division 4"]
[Site "online"]
[Date "2020.09.03"]
[Round "2.104"]
[White "Cartwright, Ethan"]
[Black "Siriwardana, Dinil"]
[Result "0-1"]
[WhiteElo "800"]
[BlackElo "1292"]
[PlyCount "84"]
[EventDate "2020.09.03"]
[WhiteTeam "Tetherdown Knights"]
[BlackTeam "KEGS Chelmsford"]

1. e4 e5 2. Nf3 Nc6 3. Bb5 Bc5 4. Bxc6 dxc6 5. Nxe5 Nf6 6. d3 h6 7. O-O O-O 8.
Nc3 Re8 9. Nf3 Bg4 10. Na4 Bd6 11. Nc3 b5 12. Ne2 Bxf3 13. Bf4 Bxe2 14. Qxe2
Bxf4 15. Qd1 Qd6 16. a3 Bxh2+ 17. Kh1 Be5 18. c3 c5 19. b4 Bxc3 20. bxc5 Qxc5
21. Qc2 Qh5+ 22. Kg1 Ng4 23. Rfd1 Qh2+ 24. Kf1 Bd4 25. Rdc1 Bxa1 26. Qxc7 Qxc7
27. Rxc7 Ne5 28. d4 Bxd4 29. Rc1 Nd3 30. Rd1 Bxf2 31. Rxd3 Bc5 32. Rd5 Bxa3 33.
Rxb5 Rxe4 34. Rb1 Rc8 35. g4 Rxg4 36. Ke1 Rg1+ 37. Kd2 Rxb1 38. Ke3 Rc4 39. Kd3
Rh4 40. Ke3 Rb3+ 41. Kd2 Rh2+ 42. Ke1 Rb1# 0-1

[Event "Junior Online 4NCL Division 4"]
[Site "online"]
[Date "2020.09.03"]
[Round "2.105"]
[White "Kirk, Alex"]
[Black "Smith, Ryan S"]
[Result "0-1"]
[WhiteElo "857"]
[BlackElo "1765"]
[PlyCount "74"]
[EventDate "2020.09.03"]
[WhiteTeam "Tetherdown Knights"]
[BlackTeam "KEGS Chelmsford"]

1. e4 c5 2. Nc3 Nc6 3. Nf3 e5 4. Bb5 d6 5. O-O g6 6. d3 h6 7. Nd5 Bg7 8. c3 a6
9. Bxc6+ bxc6 10. Qa4 Bd7 11. Ne3 Ne7 12. b4 cxb4 13. cxb4 O-O 14. Ba3 d5 15.
Qb3 Be6 16. exd5 cxd5 17. Rac1 e4 18. Nd2 d4 19. Qb1 dxe3 20. fxe3 Qxd3 21.
Qxd3 exd3 22. b5 Rfe8 23. Rc7 Nd5 24. Rc5 axb5 25. Rxb5 Rxa3 26. e4 Bd4+ 27.
Kh1 Ne3 28. Re1 Rxa2 29. Nb3 Bxb3 30. Rxb3 Nxg2 31. Reb1 d2 32. Rd3 Bg7 33. h3
Nf4 34. Rd7 Rxe4 35. Rd8+ Kh7 36. Rd1 Re1+ 37. Rxe1 dxe1=Q# 0-1

[Event "Junior Online 4NCL Division 4"]
[Site "online"]
[Date "2020.09.03"]
[Round "2.106"]
[White "Arun Jacob, Nigel A"]
[Black "Murphy, Sam"]
[Result "1-0"]
[WhiteElo "1525"]
[BlackElo "857"]
[PlyCount "67"]
[EventDate "2020.09.03"]
[WhiteTeam "KEGS Chelmsford"]
[BlackTeam "Tetherdown Knights"]

1. d4 d5 2. c4 e6 3. Nc3 Nf6 4. Bf4 Nc6 5. e3 Bb4 6. Nf3 Ne4 7. Qc2 dxc4 8.
Qxe4 Bxc3+ 9. bxc3 f5 10. Qc2 Bd7 11. Bxc4 Na5 12. Bb3 h6 13. h4 Qf6 14. Bxc7
Rc8 15. Bxa5 b6 16. Bb4 a5 17. Bd6 Rc6 18. Be5 Qe7 19. Bg3 b5 20. Ne5 a4 21.
Nxc6 Bxc6 22. O-O axb3 23. axb3 O-O 24. Ra6 Qd7 25. Rfa1 Qd5 26. f3 g5 27. hxg5
hxg5 28. Be5 g4 29. Ra7 Rf7 30. Rxf7 Kxf7 31. Ra7+ Kg6 32. Rg7+ Kh5 33. fxg4+
Kh4 34. Qf2# 1-0

[Event "Junior Online 4NCL Division 4"]
[Site "online"]
[Date "2020.09.03"]
[Round "2.107"]
[White "Keane, Moss"]
[Black "Badhrinath, Adhvaith B"]
[Result "0-1"]
[WhiteElo "737"]
[BlackElo "1232"]
[PlyCount "34"]
[EventDate "2020.09.03"]
[WhiteTeam "Tetherdown Knights"]
[BlackTeam "KEGS Chelmsford"]

1. e4 e5 2. Nf3 Nc6 3. Nc3 Nf6 4. Bc4 Bc5 5. O-O d6 6. d4 exd4 7. Nd5 O-O 8.
Nxf6+ Qxf6 9. Ng5 h6 10. Nxf7 Rxf7 11. Bxf7+ Qxf7 12. Qg4 Bxg4 13. Bf4 Qxf4 14.
Rac1 Qxe4 15. Rfe1 Qg6 16. h3 Bxh3 17. Kh2 Qxg2# 0-1

[Event "Junior Online 4NCL Division 4"]
[Site "online"]
[Date "2020.09.03"]
[Round "2.108"]
[White "Siriwardana, Dinil"]
[Black "Cartwright, Ethan"]
[Result "1-0"]
[WhiteElo "1292"]
[BlackElo "800"]
[PlyCount "23"]
[EventDate "2020.09.03"]
[WhiteTeam "KEGS Chelmsford"]
[BlackTeam "Tetherdown Knights"]

1. e4 e5 2. Nf3 Nc6 3. Bc4 Nf6 4. Ng5 Nxe4 5. Nxe4 Nd4 6. Ng5 d5 7. c3 dxc4 8.
cxd4 exd4 9. d3 cxd3 10. Qf3 Bb4+ 11. Kf1 d2 12. Qxf7# 1-0

[Event "Junior Online 4NCL Division 4"]
[Site "online"]
[Date "2020.09.03"]
[Round "2.111"]
[White "Pipalia, Rishi"]
[Black "Wu, Feitong"]
[Result "1/2-1/2"]
[WhiteElo "1202"]
[BlackElo "1495"]
[PlyCount "53"]
[EventDate "2020.09.03"]
[WhiteTeam "JHJ 6"]
[BlackTeam "Forest Hall Chimaeras"]

1. e4 e6 2. d4 d5 3. exd5 exd5 4. c4 Nf6 5. Nf3 Nc6 6. Nc3 Bb4 7. c5 O-O 8. a3
Re8+ 9. Be2 Bxc3+ 10. bxc3 Bg4 11. O-O Ne4 12. Bb2 h6 13. h3 Bh5 14. Re1 f5 15.
Nd2 Bxe2 16. Rxe2 Qd7 17. Nxe4 dxe4 18. Qd2 Rad8 19. Rae1 Na5 20. Rb1 b6 21.
cxb6 axb6 22. Rbe1 Qd5 23. f3 Nc4 24. fxe4 Rxe4 25. Qc2 Rde8 26. Rxe4 Rxe4 27.
Rxe4 1/2-1/2

[Event "Junior Online 4NCL Division 4"]
[Site "online"]
[Date "2020.09.03"]
[Round "2.112"]
[White "Johnston, Alexander"]
[Black "Chen, George"]
[Result "0-1"]
[WhiteElo "1480"]
[BlackElo "1157"]
[PlyCount "46"]
[EventDate "2020.09.03"]
[WhiteTeam "Forest Hall Chimaeras"]
[BlackTeam "JHJ 6"]

1. e4 e6 2. d4 d5 3. e5 c5 4. c3 Nc6 5. Nf3 Qb6 6. Be2 Nge7 7. Nh4 cxd4 8. cxd4
Qxd4 9. Qxd4 Nxd4 10. Bd3 Nec6 11. f4 Nb4 12. Kd2 Be7 13. a3 Bxh4 14. axb4 Nb3+
15. Kc3 Nxa1 16. g3 Be7 17. Be3 Bd7 18. Nd2 Rc8+ 19. Kd4 Bd8 20. Bb1 Bb6+ 21.
Kd3 Bb5+ 22. Nc4 Bxc4+ 23. Kd2 Nb3+ 0-1